000 00444nam a2200193Ia 4500
999 _c99469
_d99469
003 0100
005 20180308155420.0
008 130307s9999 xx 000 0 und d
040 _cARRUPELIB
050 _aDT962.65.S3 1968
100 _aSamkange, Stanlake
_940439
245 _aOrigins of Rhodesia /
260 _aLondon
_bHeinemann
_c1968
300 _a292p.
300 _b23 cm.
650 _aHISTORY
_98438
650 _aZimbabwe
_xHistory
_y1890-1965
_931858
942 _2lcc
_cMONOGRAPH